Central Library OPAC University of Rajshahi

Group therapy : (Record no. 28940)

MARC details
000 -LEADER
fixed length control field 00728cam a22002531 4500
001 - CONTROL NUMBER
control field 28940
003 - CONTROL NUMBER IDENTIFIER
rucl marc code BD-RjUL
005 - DATE AND TIME OF LATEST TRANSACTION
control field 20211209051342.0
008 - FIXED-LENGTH DATA ELEMENTS--GENERAL INFORMATION
fixed length control field 140401s1963 nyua 001 0 eng
035 ## - SYSTEM CONTROL NUMBER
System control number (BD-RjUL)29024
System control number (OCoLC)398682
040 ## - CATALOGING SOURCE
Original cataloging agency DLC
Transcribing agency OAkU
Modifying agency OTMC
-- OCoLC
-- Uk
-- DLC
Language of cataloging eng
041 ## - LANGUAGE CODE
Language code of text/sound track or separate title eng
082 ## - DEWEY DECIMAL CLASSIFICATION NUMBER
Classification number 616.8915
Author mark and year JOG 1963
100 1# - MAIN ENTRY--PERSONAL NAME
Personal name Johnson, James A.,
Dates associated with a name 1917-
9 (RLIN) 88443
245 10 - TITLE STATEMENT
Title Group therapy :
Remainder of title a practical approach /
Statement of responsibility, etc. James A. Johnson
260 ## - PUBLICATION, DISTRIBUTION, ETC. (IMPRINT)
Place of publication, distribution, etc. New York :
Name of publisher, distributor, etc. Blakiston Division, McGraw-Hill,
Date of publication, distribution, etc. 1963
300 ## - PHYSICAL DESCRIPTION
Pagination 467 p. :
Illustrations ill. ;
Size 24 cm.
504 ## - BIBLIOGRAPHY, ETC. NOTE
Bibliography, etc Includes index
650 #0 - SUBJECT ADDED ENTRY--TOPICAL TERM
Topical term or geographic name as entry element Group psychotherapy.
9 (RLIN) 3640
942 ## - ADDED ENTRY ELEMENTS (KOHA)
Source of classification or shelving scheme Dewey Decimal Classification
Koha item type Books
Holdings
Lost status Source of classification or shelving scheme Damaged status Not for loan Collection code Permanent Location Current Location Shelving location Date acquired Source of acquisition Cost, normal purchase price Total Checkouts Full call number Date last seen Copy number Koha item type
  Dewey Decimal Classification     Non-fiction Central Library, University of Rajshahi Central Library, University of Rajshahi   24/09/1965 zeithinger 85.00   616.8915 JOG 1963 01/04/2014 C-2 Books
  Dewey Decimal Classification     Non-fiction Central Library, University of Rajshahi Central Library, University of Rajshahi   24/09/1965 zeithinger 85.00   616.8915 JOG 1963 01/04/2014 C-1 Books